000 00530nam a22001815i 4500
001 53911
003 ES-MaACL
005 20230906162843.0
007 t|
008 960709s1883 sp ||||1| spa d
040 _aCAM
_bspa
_cCAM
100 1 _aFernández-Shaw, Carlos,
_d1865-1911
_950098
245 1 0 _aPoesías /
_cCarlos Fernández-Shaw.
260 _aMadrid :
_b[s.n.],
_c1883 (
_fImprenta de Fortanet)
300 _a244 p., [7] h., [1] h. de lám. ;
_c17 cm.
852 _aES-MaACL
_jF-9846
999 _c53911
_d53911